| 000 | 02437nam0a2200385 i 4500 | ||
|---|---|---|---|
| 001 | RU\NLR\BIBL_A\010190644 | ||
| 005 | 20241114173558.0 | ||
| 010 |
_a9785398010886 _9100 |
||
| 021 |
_aRU _b13-101574 |
||
| 035 | _a(NILC)RuMoRGB-006713300 | ||
| 035 | _a(NLR Aleph) 010190644 | ||
| 090 |
_a10195652 _c10195652 |
||
| 100 | _a20140213d2013 u y0rusy50 ca | ||
| 101 | 0 | _arus | |
| 102 | _aRU | ||
| 105 | _aa|||j|||000|y | ||
| 200 | 1 |
_aМетрология, стандартизация, сертификация в строительном материаловедении _eконспект лекций _e[для студентов-заочников специальности "Производство строительных материалов, изделий и конструкций"] _fБ.С. Баталин _gМ-во образования и науки Рос. Федерации, Федер. гос. бюджет. образоват. учреждение высш. проф. образования "Пермский нац. исслед. политехн. ун-т" |
|
| 210 |
_aПермь _cИзд-во Пермского национального исследовательского политехнического университета _d2013 |
||
| 215 |
_a171 с. _cил., табл. _d21 |
||
| 320 | _aБиблиогр. в конце тем | ||
| 606 |
_aСтроительное дело _jУчебные издания для высших учебных заведений _xСтандартизация _91787362 _3RU\NLR\AUTH\661098239 |
||
| 606 |
_aСтроительные материалы _jУчебные издания для высших учебных заведений _xСертификация _92178740 _3RU\NLR\AUTH\661310337 |
||
| 606 |
_aСтроительное дело _jУчебные издания для высших учебных заведений _xМетрологическая служба _92083388 _3RU\NLR\AUTH\661259441 |
||
| 610 | 0 | _aпожарная безопасность строительных материалов | |
| 675 | _a691:006(075.8) | ||
| 686 | 1 | _aН30-1я73-2 | |
| 686 | 1 | _aН.я73-2 | |
| 700 | 1 |
_aБаталин _bБ. С. _gБорис Семенович |
|
| 801 | 0 |
_aRU _bRuMoRKP _c20131216 _gRCR |
|
| 801 | 2 |
_aRU _bРГБ _c20140109 _grcr |
|
| 801 | 1 |
_aRU _bRuMoRKP _c20131216 _2rusmarc |
|
| 942 | _cBOOK | ||
| 980 | _aNBR | ||